000 00625nam a2200217 i 4500
001 bg
100 1 _aPIETRZKIEWICZ, Tadeusz
245 1 0 _aZasady etyczne w zarządzaniu gospodarczym /
_cTadeusz Pietrzkiewicz.
260 _aWarszawa :
_bInstytut Organizacji i Zarządzania w Przemyśle "Orgmasz",
_c1997.
300 _a115 :
_brys. ;
_c21 cm.
504 _aBibliogr. s. 62-63.
650 9 _aGospodarka
_xetyka
650 9 _aZarządzanie
_xetyka
020 _a8386929502
040 _cBPK
041 0 _apl
080 _a172:338
920 _a83-86929-50-2
942 _cKS
008 s pl f |000 0 pol
999 _c33295
_d33295
856 _uhttp://koha.tu.koszalin.pl/cgi-bin/koha/opac-detail.pl?biblionumber=33295
_yKatalog online BPK